Rozpoznaj wykonawcę po 3 piosenkach! #2 - Statystyki

Ogólne statystyki
  • Ten quiz został rozwiązany 265 razy
  • Średni wynik to 8 z 15
Statystyki odpowiedzi
Piosenki Wykonawca % Poprawnych
7 rings, God is a woman, Breathin Ariana Grande
82%
Cool Me Down, Reksiu, Thank You Very Much Margaret
82%
Yummy, Never Say Never, Sorry Justin Bieber
77%
Womanizer, Criminal, Toxic Britney Spears
76%
Beat It, Bad, Black Or White Michael Jackson
75%
International Love, Fireball, Timber Pitbull
74%
Sexyback, Can't Stop the Feeling!, Say Something Justin Timberlake
67%
Wieża Bubble, Sexoholik, HOOD ANGEL Żabson
65%
Talk Dirty, Swalla, Want to Want Me Jason Derulo
63%
Janosik, Toy Story, 05:05 Bedoes
58%
Candy, Boss Bitch, MOOO! Doja Cat
27%
Make It Rain, Dior, Shake The Room Pop Smoke
17%
Antidote, outside, STARGAZING Travis Scott
17%
Press, Money, Drip Cardi B
16%
Best You Had, No Idea, After Party Don Toliver
9%
Nie znaleziono quizów pasujących do podanych kryteriów
Rozkład punktacji
Procent ludzi z każdym wynikiem
Percentyl według liczby udzielonych odpowiedzi
Twoja historia wyników
Nie rozwiązałeś tego quizu